[Event "SLO-chT1 West"]
[Site "Slovenia"]
[Date "2018.09.29"]
[Round "2.3"]
[White "Truta, Srecko"]
[Black "Urh, Zala"]
[Result "1/2-1/2"]
[WhiteElo "2149"]
[BlackElo "2128"]
[PlyCount "106"]
[EventDate "2018.09.28"]
[EventType "team-tourn"]
[EventRounds "9"]
[EventCountry "SLO"]
[SourceTitle "CBM 187 Extra"]
[Source "ChessBase"]
[SourceDate "2018.11.04"]
[SourceVersion "1"]
[SourceVersionDate "2018.11.04"]
[SourceQuality "1"]
[WhiteTeam "Gorenjka Lesce"]
[BlackTeam "Kranj Stari Mayr"]
[WhiteTeamCountry "SLO"]
[BlackTeamCountry "SLO"]

1. d4 Nf6 2. Nf3 d5 3. c4 e6 4. Nc3 Nbd7 5. Bg5 h6 6. Bh4 dxc4 7. e3 a6 8. a4 c5 9. Bxc4 cxd4 10. exd4 Be7 11. 0-0 0-0 12. Qe2 Nb6 13. Bb3 Nbd5 14. Rfe1 Nxc3 15. bxc3 Bd7 16. Ne5 Rc8 17. c4 Qc7 18. Bg3 Qb6 19. Qf3 Rfd8 20. d5 exd5 21. cxd5 Bb4 22. Re3 Bc5 23. a5 Qb5 24. Rd3 Qb4 25. h3 Bb5 26. Rdd1 Bd4 27. d6 Rf8 28. Rab1 Qc3 29. Ng6 Qxf3 30. gxf3 Bc3 31. Ne7+ Kh8 32. Nxc8 Rxc8 33. Rdc1 Rc6 34. Bxf7 Bxa5 35. Bg6 Kg8 36. Be4 Nxe4 37. fxe4 Kf7 38. Rxc6 Bxc6 39. f3 Ke6 40. Kf2 Bc3 41. Ke3 a5 42. Kd3 Bb4 43. Rxb4 axb4 44. Kc4 b3 45. Kxb3 Bb5 46. e5 g5 47. h4 Be2 48. hxg5 hxg5 49. f4 gxf4 50. Bxf4 Kd7 51. Kb4 Bf3 52. Kb5 Be4 53. Kb6 Bd5 1/2-1/2

[Event "CRO-chT2 South"]
[Site "Croatia"]
[Date "2014.04.26"]
[Round "2.2"]
[White "Truta, Srecko"]
[Black "Music, Tomislav"]
[Result "1-0"]
[WhiteElo "2231"]
[BlackElo "2040"]
[PlyCount "95"]
[EventDate "2014.04.25"]
[EventType "team-tourn"]
[EventRounds "9"]
[EventCountry "CRO"]
[SourceTitle "EXT 2019"]
[Source "ChessBase"]
[SourceDate "2018.10.10"]
[SourceVersion "1"]
[SourceVersionDate "2018.10.10"]
[SourceQuality "1"]

1. d4 f5 2. Bg5 Nf6 3. Bxf6 exf6 4. e3 d5 5. Bd3 Bd6 6. Qf3 g6 7. h4 h5 8. Ne2 c6 9. Nd2 Be6 10. g3 Nd7 11. 0-0 0-0 12. Nf4 Bf7 13. c4 Ne5 14. dxe5 fxe5 15. Nxg6 Bxg6 16. Qd1 e4 17. Be2 Qe8 18. cxd5 cxd5 19. Qb3 Bf7 20. Bxh5 Bxh5 21. Qxd5+ Qf7 22. Qxd6 Rfd8 23. Qb4 a5 24. Qc3 Rd3 25. Qc1 Rad8 26. Nb3 f4 27. exf4 e3 28. fxe3 Qg7 29. Kg2 a4 30. Nc5 Rd2+ 31. Rf2 Rxf2+ 32. Kxf2 Qg4 33. Qe1 Qh3 34. e4 Qh2+ 35. Ke3 Qxb2 36. g4 Bxg4 37. f5 Qg2 38. Qf2 Qh3+ 39. Kf4 Qc3 40. Rg1 Rd2 41. Rxg4+ Kf7 42. Qe3 Qb2 43. e5 Rf2+ 44. Kg5 Re2 45. e6+ Ke7 46. Qd4 Qc1+ 47. Kg6 Rd2 48. Qf6+ 1-0

[Event "CRO-chT2S"]
[Site "Makarska"]
[Date "2013.11.10"]
[Round "9.2"]
[White "Zaja, Stjepan1111"]
[Black "Truta, Srecko"]
[Result "0-1"]
[WhiteElo "1756"]
[BlackElo "2184"]
[PlyCount "78"]
[EventDate "2013.04.05"]
[EventType "team-tourn"]
[EventRounds "9"]
[EventCountry "CRO"]
[SourceTitle "EXT 2014"]
[Source "ChessBase"]
[SourceDate "2013.11.20"]
[SourceVersion "1"]
[SourceVersionDate "2013.11.20"]
[SourceQuality "1"]
[WhiteTeam "Arzano"]
[BlackTeam "Primosten"]
[WhiteTeamCountry "CRO"]
[BlackTeamCountry "CRO"]

1. e4 e5 2. Nf3 Nc6 3. Bc4 Nf6 4. d3 Bc5 5. c3 d6 6. b4 Bb6 7. a4 a5 8. b5 Ne7 9. 0-0 0-0 10. Nbd2 Ng6 11. h3 h6 12. Re1 Re8 13. Nf1 c6 14. bxc6 bxc6 15. Rb1 d5 16. exd5 cxd5 17. Bb5 Re6 18. Ng3 Bb7 19. d4 Ne4 20. Ne2 Rc8 21. Qb3 Qc7 22. Bd2 Nh4 23. Red1 Nxf3+ 24. gxf3 Rg6+ 25. Kf1 Nxd2+ 26. Rxd2 exd4 27. cxd4 Qh2 28. Ng3 Rxg3 29. Ke2 Rg2 30. Qe3 Bc7 31. Rc2 Rf8 32. Rf1 Bc8 33. h4 Bf4 34. Qe7 Rg6 35. Qc5 Bh3 36. Re1 Re6+ 37. Kd1 Rxe1+ 38. Kxe1 Qg1+ 39. Ke2 Qf1# 0-1

[Event "SLO-chT1 West"]
[Site "Ljubljana"]
[Date "2010.10.15"]
[Round "7.3"]
[White "Debevec, Blaz"]
[Black "Truta, Srecko"]
[Result "1-0"]
[WhiteElo "2010"]
[BlackElo "2231"]
[PlyCount "165"]
[EventDate "2010.09.24"]
[EventType "team-tourn"]
[EventRounds "9"]
[EventCountry "SLO"]
[SourceTitle "CBM 138 Extra"]
[Source "ChessBase"]
[SourceDate "2010.10.29"]
[SourceVersion "1"]
[SourceVersionDate "2010.10.29"]
[SourceQuality "1"]
[WhiteTeam "Komenda"]
[BlackTeam "Gorenjka Lesce"]
[WhiteTeamCountry "SLO"]
[BlackTeamCountry "SLO"]

1. e4 e5 2. Nf3 Nc6 3. Bb5 a6 4. Ba4 Nf6 5. 0-0 Be7 6. Re1 b5 7. Bb3 d6 8. c3 0-0 9. h3 h6 10. d4 Re8 11. Nbd2 Bf8 12. Nf1 Bb7 13. Ng3 Na5 14. Bc2 Nc4 15. a4 d5 16. b3 dxe4 17. Nxe4 Nxe4 18. Rxe4 f5 19. Re1 e4 20. bxc4 exf3 21. axb5 axb5 22. Rxa8 Bxa8 23. cxb5 Qd7 24. c4 Be4 25. Bxe4 fxe4 26. gxf3 exf3 27. Rxe8 Qxe8 28. Bf4 Qf7 29. Bg3 Qxc4 30. Qxf3 Qxb5 31. Bxc7 Qd7 32. Be5 Qe6 33. Qg4 Qxg4+ 34. hxg4 Kf7 35. d5 g6 36. f4 Bc5+ 37. Kg2 h5 38. gxh5 gxh5 39. f5 Bf8 40. Kg3 Be7 41. Kh3 Bd8 42. Kg3 Bg5 43. Kf3 Bd2 44. Bf4 Be1 45. Bg3 Bb4 46. Bh4 Bd6 47. Ke4 Bc7 48. Kd4 Bd6 49. Kc4 Ke8 50. Kb5 Kd7 51. Kc4 Ke8 52. Kd3 Kf7 53. Kd4 Ke8 54. Ke4 Kf7 55. Kf3 Be5 56. Bg5 Bd6 57. Kg2 Be5 58. Bd8 Ke8 59. Bh4 Kf7 60. Bg5 Ke8 61. Kf3 Bd6 62. Bf4 Bb4 63. Be5 Kf7 64. Kf4 Be7 65. Bd4 h4 66. Kg4 Bd8 67. Kh3 Ke8 68. Bf2 Bf6 69. Bxh4 Be5 70. Bg3 Bd4 71. Kg4 Bf6 72. Kf3 Kf7 73. Ke4 Bd8 74. Be5 Ke7 75. d6+ Kd7 76. Kd5 Bg5 77. Bg7 Bf4 78. Bf8 Bg5 79. Bg7 Bf4 80. Be5 Bg5 81. Bc3 Bf4 82. Bb4 Bg5 83. Ke5 1-0

[Event "SLO-chT1 West"]
[Site "Ljubljana"]
[Date "2010.09.25"]
[Round "2.2"]
[White "Truta, Srecko"]
[Black "Jelen, Igor"]
[Result "0-1"]
[WhiteElo "2231"]
[BlackElo "2399"]
[PlyCount "146"]
[EventDate "2010.09.24"]
[EventType "team-tourn"]
[EventRounds "9"]
[EventCountry "SLO"]
[SourceTitle "CBM 138 Extra"]
[Source "ChessBase"]
[SourceDate "2010.10.29"]
[SourceVersion "1"]
[SourceVersionDate "2010.10.29"]
[SourceQuality "1"]
[WhiteTeam "Gorenjka Lesce"]
[BlackTeam "Ljubljana Vidmar"]
[WhiteTeamCountry "SLO"]
[BlackTeamCountry "SLO"]

1. d4 Nf6 2. c4 g6 3. Nc3 d5 4. e3 Bg7 5. cxd5 Nxd5 6. Nxd5 Qxd5 7. Ne2 0-0 8. Nc3 Qd6 9. Be2 c6 10. 0-0 e5 11. dxe5 Qxe5 12. e4 Nd7 13. Be3 Nf6 14. f4 Qe7 15. Bf3 Bf5 16. Bd4 Rad8 17. exf5 Qb4 18. Ne2 Ne8 19. Qb3 Bxd4+ 20. Kh1 Qxb3 21. axb3 Bb6 22. Rfd1 Ng7 23. fxg6 hxg6 24. b4 a6 25. Nc3 Ne6 26. g3 Nd4 27. Kg2 Nc2 28. Rxd8 Rxd8 29. Rc1 Nxb4 30. Rd1 Rxd1 31. Bxd1 Bd4 32. Ne4 Bxb2 33. Nd6 b5 34. Bb3 c5 35. Bxf7+ Kg7 36. h4 c4 37. Bxc4 bxc4 38. Nxc4 Bc3 39. g4 Nd3 40. Kf3 a5 41. Nxa5 Bxa5 42. h5 gxh5 43. gxh5 Bc7 44. f5 Nc5 45. f6+ Kxf6 46. h6 Kg6 47. h7 Kxh7 48. Ke3 Be5 49. Kf3 Kg6 50. Kg4 Bd6 51. Kf3 Kf5 52. Ke3 Be5 53. Kf3 Bf4 54. Kg2 Ke4 55. Kf2 Ne6 56. Ke2 Be3 57. Ke1 Kf3 58. Kd1 Nc5 59. Ke1 Bd4 60. Kf1 Ne4 61. Ke1 Bf2+ 62. Kd1 Ke3 63. Kc2 Be1 64. Kd1 Bb4 65. Kc2 Nc5 66. Kc1 Kd3 67. Kd1 Na4 68. Kc1 Bd2+ 69. Kb1 Kc3 70. Ka2 Kc2 71. Ka3 Nc5 72. Ka2 Bb4 73. Ka1 Nb3+ 0-1

[Event "SLO-chT1 West"]
[Site "Ljubljana"]
[Date "2010.09.24"]
[Round "1.2"]
[White "Kolaric, Spela"]
[Black "Truta, Srecko"]
[Result "0-1"]
[WhiteElo "2041"]
[BlackElo "2231"]
[PlyCount "84"]
[EventDate "2010.09.24"]
[EventType "team-tourn"]
[EventRounds "9"]
[EventCountry "SLO"]
[SourceTitle "CBM 138 Extra"]
[Source "ChessBase"]
[SourceDate "2010.10.29"]
[SourceVersion "1"]
[SourceVersionDate "2010.10.29"]
[SourceQuality "1"]
[WhiteTeam "Kocevje"]
[BlackTeam "Gorenjka Lesce"]
[WhiteTeamCountry "SLO"]
[BlackTeamCountry "SLO"]

1. e4 e5 2. Nf3 Nc6 3. Bc4 Nf6 4. d3 Bc5 5. c3 a6 6. 0-0 0-0 7. Re1 d6 8. Bb3 h6 9. Nbd2 Re8 10. Nf1 Be6 11. Be3 Bxe3 12. Nxe3 d5 13. exd5 Nxd5 14. Nxd5 Bxd5 15. Bxd5 Qxd5 16. Qc2 Rad8 17. Red1 f5 18. Qb3 Qxb3 19. axb3 Kf7 20. Kf1 e4 21. Ne1 e3 22. fxe3 Rxe3 23. d4 g5 24. Nd3 a5 25. Nf2 b6 26. Re1 Rde8 27. Rxe3 Rxe3 28. Re1 Rxe1+ 29. Kxe1 Ke6 30. Kd2 f4 31. Ng4 h5 32. d5+ Kxd5 33. Nf6+ Ke6 34. Nxh5 Kf7 35. Ke2 Kg6 36. g4 Ne5 37. h3 b5 38. Kd2 c5 39. Ke2 c4 40. bxc4 bxc4 41. Kd2 a4 42. Kc2 Nd3 0-1

[Event "CRO-Cup 19th"]
[Site "Sibenik"]
[Date "2010.05.23"]
[Round "6"]
[White "Krstic, Uros"]
[Black "Truta, Srecko"]
[Result "1-0"]
[WhiteElo "2387"]
[BlackElo "2204"]
[PlyCount "93"]
[EventDate "2010.05.19"]
[EventType "team-tourn"]
[EventRounds "6"]
[EventCountry "CRO"]
[SourceTitle "CBM 136 Extra"]
[Source "ChessBase"]
[SourceDate "2010.07.02"]
[SourceVersion "2"]
[SourceVersionDate "2010.07.15"]
[SourceQuality "1"]

1. e4 e5 2. Nf3 Nc6 3. Bb5 a6 4. Ba4 Nf6 5. d3 b5 6. Bb3 Be7 7. a4 Bb7 8. Nc3 b4 9. Nd5 Nxd5 10. Bxd5 Bf6 11. 0-0 0-0 12. Be3 Qe7 13. Nd2 Nd8 14. Qf3 d6 15. c3 Bxd5 16. exd5 bxc3 17. bxc3 Bg5 18. Rab1 f5 19. Bxg5 Qxg5 20. Qe3 f4 21. Qh3 Qe7 22. Ne4 h6 23. Rb4 a5 24. Rb5 c6 25. dxc6 Nxc6 26. Rfb1 Ra7 27. Rd5 Rd8 28. Qg4 Qf7 29. h4 Qe7 30. h5 Qf7 31. Rbb5 Rad7 32. Rb6 Ne7 33. Rxa5 Kf8 34. c4 Qf5 35. Qxf5+ Nxf5 36. Rd5 Ke7 37. a5 Nd4 38. c5 Ke6 39. Rdxd6+ Rxd6 40. Nxd6 Kd5 41. Nb7 Rd7 42. Rd6+ Rxd6 43. cxd6 Kc6 44. a6 Nb5 45. Kh2 Na7 46. Kh3 Nc8 47. Kg4 1-0

[Event "SLO-chT1a West"]
[Site "Ljubljana"]
[Date "2009.10.17"]
[Round "8.3"]
[White "Mestek, Igor"]
[Black "Truta, Srecko"]
[Result "1/2-1/2"]
[WhiteElo "2174"]
[BlackElo "2201"]
[PlyCount "24"]
[EventDate "2009.10.09"]
[EventType "team-tourn"]
[EventRounds "9"]
[EventCountry "SLO"]
[SourceTitle "EXT 2012"]
[Source "ChessBase"]
[SourceDate "2011.11.24"]
[SourceVersion "1"]
[SourceVersionDate "2011.11.24"]
[SourceQuality "1"]
[WhiteTeam "Kocevje"]
[BlackTeam "Gorenjka Lesce"]
[WhiteTeamCountry "SLO"]
[BlackTeamCountry "SLO"]

1. e4 e5 2. Nf3 Nc6 3. d4 exd4 4. Nxd4 Nf6 5. Nc3 Bb4 6. Nxc6 bxc6 7. Bd3 d5 8. exd5 cxd5 9. 0-0 0-0 10. Bg5 Be6 11. Qf3 Be7 12. h3 Rb8 1/2-1/2

[Event "CRO-Cup 18th"]
[Site "Sibenik"]
[Date "2009.05.20"]
[Round "1"]
[White "Truta, Srecko"]
[Black "Fercec, Nenad"]
[Result "1/2-1/2"]
[WhiteElo "2195"]
[BlackElo "2478"]
[PlyCount "33"]
[EventDate "2009.05.20"]
[EventType "team-tourn"]
[EventRounds "5"]
[EventCountry "CRO"]
[SourceTitle "CBM 130 Extra"]
[Source "ChessBase"]
[SourceDate "2009.07.02"]
[SourceVersion "2"]
[SourceVersionDate "2009.07.15"]
[SourceQuality "1"]

1. d4 d5 2. Nf3 Nc6 3. Bf4 Bg4 4. e3 e6 5. h3 Bh5 6. a3 Bd6 7. Bxd6 cxd6 8. c4 Nf6 9. Nc3 dxc4 10. Bxc4 0-0 11. 0-0 Rc8 12. Be2 Na5 13. Nd2 Bxe2 14. Qxe2 d5 15. Rfc1 Nc4 16. Nxc4 Rxc4 17. Na2 1/2-1/2

[Event "Zadar op 15th"]
[Site "Zadar"]
[Date "2008.12.20"]
[Round "9"]
[White "Truta, Srecko"]
[Black "Zelic, Mladen"]
[Result "0-1"]
[WhiteElo "2200"]
[BlackElo "2319"]
[PlyCount "96"]
[EventDate "2008.12.14"]
[EventType "swiss"]
[EventRounds "9"]
[EventCountry "CRO"]
[SourceTitle "CBM 127 Extra"]
[Source "ChessBase"]
[SourceDate "2009.01.08"]
[SourceVersion "2"]
[SourceVersionDate "2009.01.28"]
[SourceQuality "1"]

1. d4 Nf6 2. c4 e5 3. dxe5 Ng4 4. e4 Nxe5 5. f4 Nec6 6. Nf3 Na6 7. Nc3 Bb4 8. Bd3 Nc5 9. Bc2 Bxc3+ 10. bxc3 b6 11. 0-0 Ba6 12. Nd4 Bxc4 13. Rf3 g6 14. f5 Ne5 15. Rg3 d6 16. a4 a5 17. fxg6 hxg6 18. Bg5 f6 19. Bf4 Qe7 20. Qd2 0-0-0 21. Rd1 Rde8 22. h3 Bf7 23. Qf2 Ref8 24. Bc1 Be8 25. Qe2 Kb7 26. Ba3 Bxa4 27. Bxa4 Nxa4 28. Rb1 Nc5 29. Nc2 Rh4 30. Bxc5 dxc5 31. Re3 Re8 32. Rf1 Qe6 33. Qf2 g5 34. Qxf6 Qxf6 35. Rxf6 Nc4 36. Rg3 Rhxe4 37. Rxg5 a4 38. g4 a3 39. Nxa3 Nxa3 40. Rg7 Nb5 41. Rf3 Rc4 42. h4 Ree4 43. Rg3 Nxc3 44. Kh2 Ne2 45. Rg2 Nf4 46. h5 Nxg2 47. h6 Rxg4 48. h7 Rh4+ 0-1

[Event "Zadar op 15th"]
[Site "Zadar"]
[Date "2008.12.18"]
[Round "7"]
[White "Truta, Srecko"]
[Black "Brulic, Denis"]
[Result "0-1"]
[WhiteElo "2200"]
[BlackElo "2309"]
[PlyCount "50"]
[EventDate "2008.12.14"]
[EventType "swiss"]
[EventRounds "9"]
[EventCountry "CRO"]
[SourceTitle "CBM 127 Extra"]
[Source "ChessBase"]
[SourceDate "2009.01.08"]
[SourceVersion "2"]
[SourceVersionDate "2009.01.28"]
[SourceQuality "1"]

1. d4 Nf6 2. c4 e6 3. Nc3 Bb4 4. Qc2 c5 5. dxc5 Na6 6. a3 Bxc3+ 7. Qxc3 Nxc5 8. b4 Nce4 9. Qd4 d5 10. c5 b6 11. f3 bxc5 12. bxc5 Qa5+ 13. Qb4 Qc7 14. fxe4 Rb8 15. Qa4+ Bd7 16. c6 Qe5 17. cxd7+ Ke7 18. Ra2 Qc3+ 19. Kd1 Ng4 20. e3 Rb1 21. Ke2 Qxc1 22. d8Q+ Rxd8 23. Kf3 Qxe3+ 24. Kxg4 h5+ 25. Kxh5 g6+ 0-1

[Event "SLO-chT1 West"]
[Site "Ljubljana"]
[Date "2008.11.14"]
[Round "2.2"]
[White "Truta, Srecko"]
[Black "Zvan, Ziga"]
[Result "1/2-1/2"]
[WhiteElo "2200"]
[BlackElo "2229"]
[PlyCount "116"]
[EventDate "2008.11.13"]
[EventType "team-tourn"]
[EventRounds "9"]
[EventCountry "SLO"]
[SourceTitle "EXT 2010"]
[Source "ChessBase"]
[SourceDate "2010.11.25"]
[SourceVersion "1"]
[SourceVersionDate "2010.11.25"]
[SourceQuality "1"]
[WhiteTeam "Gorenjka Lesce"]
[BlackTeam "Kranj Tomo Zupan"]
[WhiteTeamCountry "SLO"]
[BlackTeamCountry "SLO"]

1. d4 Nf6 2. Nf3 g6 3. g3 Bg7 4. Bg2 0-0 5. 0-0 d5 6. c4 Nc6 7. b3 Bg4 8. Bb2 Qd7 9. Ne5 Qc8 10. Nxg4 Qxg4 11. cxd5 Nb4 12. Nc3 Rad8 13. e4 c6 14. a3 Na6 15. dxc6 bxc6 16. b4 Nc7 17. h3 Qd7 18. Ne2 Ne6 19. Qc2 Rc8 20. Rad1 Rfd8 21. f4 Qc7 22. Bc3 Qb6 23. Kh2 Rd7 24. Rd2 Ne8 25. e5 N8c7 26. f5 Nd8 27. Qe4 Nd5 28. Bb2 a5 29. bxa5 Qxa5 30. Rc2 Bh6 31. fxg6 hxg6 32. Nf4 Bxf4 33. gxf4 e6 34. Bf3 Rb8 35. Rg1 Rb3 36. Rcg2 Ne7 37. Bd1 Rbb7 38. h4 Nf5 39. h5 Rxb2 40. Rxb2 Rxd4 41. Qf3 Kg7 42. hxg6 fxg6 43. Qg4 Ne7 44. Rbg2 Qxa3 45. Qh4 Kf7 46. Bc2 Qf3 47. Rf2 Qe3 48. Rgg2 c5 49. Rxg6 Nxg6 50. Bxg6+ Kxg6 51. Qf6+ Kh7 52. Qe7+ Kh6 53. Qg5+ Kh7 54. Qe7+ Kh6 55. Qf6+ Kh7 56. Qe7+ Kh6 57. Qf6+ Kh7 58. Qe7+ Kh6 1/2-1/2

[Event "CRO Cup 17th"]
[Site "Sibenik"]
[Date "2008.05.23"]
[Round "3"]
[White "Bender, Ivan"]
[Black "Truta, Srecko"]
[Result "1-0"]
[WhiteElo "2337"]
[BlackElo "2208"]
[PlyCount "81"]
[EventDate "2008.05.21"]
[EventType "swiss"]
[EventRounds "5"]
[EventCountry "CRO"]
[SourceTitle "CBM 124 Extra"]
[Source "ChessBase"]
[SourceDate "2008.07.03"]
[SourceVersion "1"]
[SourceVersionDate "2008.07.03"]
[SourceQuality "1"]

1. d4 Nf6 2. c4 c6 3. Nf3 g6 4. e3 Bg7 5. Nc3 0-0 6. Bd2 d6 7. h3 a5 8. a3 Re8 9. b4 axb4 10. axb4 Rxa1 11. Qxa1 e5 12. dxe5 dxe5 13. c5 Bf5 14. Qa7 Re7 15. Be2 b5 16. Qa8 Re8 17. 0-0 Ne4 18. Nxe4 Bxe4 19. Bc3 Bxf3 20. gxf3 Qc8 21. Kg2 Na6 22. Qa7 Nc7 23. Rd1 Rd8 24. Rxd8+ Qxd8 25. Qb6 h5 26. Qxc6 Nd5 27. Be1 e4 28. Qxb5 Be5 29. f4 Bxf4 30. exf4 Nxf4+ 31. Kh2 Qc7 32. Kh1 Qc8 33. Bf1 Nxh3 34. c6 e3 35. fxe3 h4 36. Bxh4 g5 37. Kh2 gxh4 38. Bxh3 Qc7+ 39. Kh1 Qg3 40. Qf1 Kf8 41. Be6 1-0

[Event "CRO Cup 17th"]
[Site "Sibenik"]
[Date "2008.05.22"]
[Round "2"]
[White "Truta, Srecko"]
[Black "Radulovic, Bojan"]
[Result "0-1"]
[WhiteElo "2208"]
[BlackElo "2308"]
[PlyCount "74"]
[EventDate "2008.05.21"]
[EventType "swiss"]
[EventRounds "5"]
[EventCountry "CRO"]
[SourceTitle "CBM 124 Extra"]
[Source "ChessBase"]
[SourceDate "2008.07.03"]
[SourceVersion "1"]
[SourceVersionDate "2008.07.03"]
[SourceQuality "1"]

1. d4 e6 2. Nf3 d5 3. c4 Nf6 4. Nc3 Be7 5. Bg5 0-0 6. e3 b6 7. Qc2 c5 8. cxd5 exd5 9. Rd1 Bb7 10. Bd3 h6 11. Bxf6 Bxf6 12. dxc5 bxc5 13. 0-0 Qe7 14. Rfe1 Nd7 15. Bb5 Nb6 16. a4 a6 17. Bf1 a5 18. Qb3 Qe6 19. Bb5 Rfd8 20. Ne2 Qe4 21. Nc3 Qb4 22. Qc2 Rac8 23. Nd2 Bc6 24. Bxc6 Rxc6 25. Ndb1 d4 26. Ne4 d3 27. Nxf6+ Rxf6 28. Qc1 Nxa4 29. Rd2 Rb6 30. Na3 Nxb2 31. Rxb2 Qxb2 32. Qxc5 Qb4 33. Qxb4 axb4 34. Nc4 Rc6 35. Nd2 Rc2 36. Rd1 Rdc8 37. Nf1 R8c3 0-1

[Event "SLO-chT2"]
[Site "Ljubljana"]
[Date "2007.11.23"]
[Round "6.3"]
[White "Mihelic, Alojz"]
[Black "Truta, Srecko"]
[Result "0-1"]
[WhiteElo "2133"]
[BlackElo "2210"]
[PlyCount "74"]
[EventDate "2007.11.15"]
[EventType "team"]
[EventRounds "9"]
[EventCountry "SLO"]
[SourceTitle "CBM 121 Extra"]
[Source "ChessBase"]
[SourceDate "2008.01.10"]
[SourceVersion "1"]
[SourceVersionDate "2008.01.10"]
[SourceQuality "1"]
[WhiteTeam "Kocevje"]
[BlackTeam "Gorenjka Lesce"]
[WhiteTeamCountry "SLO"]
[BlackTeamCountry "SLO"]

1. d4 d5 2. Nf3 Nf6 3. e3 Bf5 4. Bd3 Bg6 5. 0-0 e6 6. Qe2 Bd6 7. Nbd2 c5 8. c3 Nc6 9. dxc5 Bxc5 10. e4 0-0 11. e5 Bxd3 12. Qxd3 Nd7 13. Re1 h6 14. b4 Bb6 15. Bb2 a5 16. b5 Ne7 17. Ba3 Nc5 18. Qe2 Qd7 19. Nd4 Rfc8 20. Rac1 Rc7 21. N4b3 a4 22. Nxc5 Bxc5 23. Bxc5 Rxc5 24. c4 Rac8 25. Qd3 Qc7 26. Qa3 Ng6 27. b6 Qxb6 28. Qxa4 Qc7 29. Rb1 dxc4 30. Qb4 c3 31. Ne4 c2 32. Rbc1 Rc4 33. Qa3 Qxe5 34. Nd2 Rc3 35. Qb2 Qd5 36. Nf1 Nf4 37. f3 Qc5+ 0-1